Normal view
MARC view
- Farooqi , Ali Arshad Capt (TE-35)
Entry Personal Name
001 - CONTROL NUMBER
- control field: 131262
003 - CONTROL NUMBER IDENTIFIER
- control field: NUST
005 - DATE AND TIME OF LATEST TRANSACTION
- control field: 20251020133952.0
008 - FIXED-LENGTH DATA ELEMENTS
- fixed length control field: 251020|| aca||aabn | a|a d
040 ## - CATALOGING SOURCE
- Original cataloging agency: NUST
- Transcribing agency: NUST
100 ## - HEADING--PERSONAL NAME
- Personal name: Farooqi , Ali Arshad Capt (TE-35)
670 ## - SOURCE DATA FOUND
- Source citation: Work cat.: (NUST)184007: Farooqi , Ali Arshad Capt (TE-35), Laser levelling system /, 2002
